000 00616nam a2200241Ia 4500
003 OSt
005 20220918202601.0
006 a|||||r|||| 00| 0
007 ta
008 220917b |||||||| |||| 00| 0 eng d
024 _a102,314
037 _cTextual
040 _aARTS
_cARTS
_beng
041 _2eng
_aeng
082 _aV236H:51.M87, L7
100 _aYadav K C
_9102013
245 0 _aRevolt of 1857 in Haryana
260 _aNew Delhi
_bManohar
_c1977
300 _a192p.
_ccm.
650 _aHISTORY
942 _hV236H:51.M87, L7
_cTEXL
_2CC
999 _c225773
_d225773